CEJM - Le Syllogisme - Statistiques

Statistiques générales
  • Ce quiz a été pris 122 fois
  • Le résultat moyen est 5 sur 12
Statistiques - réponses
Hint Réponse % Correct
Partie 2 question juridique
68%
Partie 5 réponse
67%
Partie 3 texte de loi
54%
Que faut il qualifier dans la 1er partie : faits
50%
Partie 1 rappel des faits
49%
Comment débute la 3e partie : En vertu de / Selon / D’après
35%
Comment débute la 1er partie : En l’espèce / Dans les faits
33%
Comment débute la 5e partie : Donc / Il résulte donc
27%
Partie 4 résolution
26%
Comment débute la 4e partie : Or / Étant donné que
19%
Que faut il qualifier dans la 1er partie : parties
17%
Que faut il qualifier dans la 1er partie : contrat
15%
Aucun quiz correspondant
Distribution des résultats
% des personnes avec chaque résultat
Percentile par nombre de réponses
Votre historique - résultats
Vous n’avez pas pris ce quiz